Statistics for Royals the Lorde LYRICS

Click here to take the quiz!

General Stats

  • This quiz has been taken 822 times
    (752 since last reset)
  • The average score is 40 of 50

Answer Stats

lyrics...missing word(s)% Correct
I've never seen a _______ in the fleshdiamond
97%
And we'll never be royals (______).royals
92%
You can call me queen ___bee
91%
We don't care, we're driving _________ in our dreams.cadillacs
91%
I cut my teeth on _______ _____ in the movieswedding rings
91%
It don't run in our _____blood
90%
It don't run in our _____,blood
90%
Let me live that _______.fantasy
90%
And I'm not _____ of my address,proud
90%
We crave a _________ kind of buzz.different
89%
Let me be ____ ruler (ruler),your
89%
Blood stains, ball gowns, _______' the hotel room,trashin
88%
And baby _'__ ____, I'll rule, I'll rule, I'll rule.i'll rule
87%
__ ___'_ ____, we aren't caught up in your love affair.we don't care
87%
We don't care, we're driving Cadillacs in our ______.dreams
86%
But every song's like gold teeth, ____ _____, trippin' in the bathroomgrey goose
86%
And we'll _____ be royals (royals).never
85%
That kind of lux just ___'_ for us.aint
84%
And everyone who _____ us knows that we're fine with this,knows
84%
Jet planes, islands, tigers on a ____ _____gold leash
83%
We don't care, we aren't caught up in your ____ ______love affair
83%
Let __ be your ruler (ruler),me
83%
We _____ a different kind of buzz.crave
82%
But every song's like ____ _____, grey goose, trippin' in the bathroom.gold teeth
82%
___ ______, islands, tigers on a gold leash.jet planes
82%
___ __ live that fantasy.let me
82%
___ __ be your ruler (ruler),let me
82%
But everybody's like Cristal, Maybach, diamonds on your _________.timepiece
82%
You can call me _____ ___queen bee
81%
And ____ I'll rule, I'll rule, I'll rule, I'll rule.baby
80%
_____ ______, ball gowns, trashin' the hotel room,blood stains
80%
But everybody's like _______, Maybach, diamonds on your timepiece.cristal
80%
In a torn-up town, no ________ envypostcode
79%
That kind of ___ just ain't for us.lux
77%
My _______ and I—we've cracked the code.friends
76%
We didn't ____ for money.come
75%
We count our dollars on the train to the _____.party
75%
We aren't caught up in your love ______.affair
74%
And we'll _____ __ royals (royals).never be
73%
That kind of lux just ___'_ ___ __.aint for us
71%
__ don't run in our bloodit
71%
Let me ____ that fantasy.live
71%
And baby I'll rule, I'll ____, I'll rule, I'll rule.'rule
71%
Ooh ooh __oh
70%
Ooh ooh __oh
70%
You can ____ __ queen Beecall me
69%
__ _____ a different kind of buzzwe crave
69%
And _'_ __ ____ with being queen.im in love
56%
We're bigger than we ever _______,dreamed
55%
Life is great _______ _ ____without a care
39%

Score Distribution

Percentile by Number Answered

Percent of People with Each Score

Your Score History

You have not taken this quiz since the last reset